000 00665nam a2200241Ia 4500
003 OSt
005 20221007064757.0
006 a|||||r|||| 00| 0
007 ta
008 221006b |||||||| |||| 00| 0 eng d
024 _a12,130
037 _cTextual
040 _aFLL
_cFLL
_beng
041 _2eng
_aeng
082 _aV2:25:N5, J3.4
100 _aAggarawala O.P.
_9686261
245 0 _aFundamental rights and constitutional remedies
260 _aDelhi
_bMetropolitan book co. private ltd. India
_c1958
300 _a265p
_ccm.
490 _vVol.4
942 _hV2:25:N5, J3.4
_cTEXL
_2CC
999 _c1135316
_d1135316